| 000 | 00407pab a2200169 454500 | ||
|---|---|---|---|
| 008 | 180718b2009 xxu||||| |||| 00| 0 eng d | ||
| 100 | _aAkhtar, Aasim Sajjad | ||
| 245 | _aDeeply implicated in Pakistan | ||
| 260 | _c2009 | ||
| 300 | _ap.12-13. | ||
| 362 | _a9 May | ||
| 650 | _aTerrorism - Pakistan | ||
| 650 | _aTerrorism | ||
| 773 | _aEconomic and Political Weekly | ||
| 908 | _aN | ||
| 909 | _a82176 | ||
| 999 |
_c82176 _d82176 |
||